[Event "ESP-ch Veterans"]
[Site "Sabadell"]
[Date "2009.12.17"]
[Round "6"]
[White "Campos Calvo, Sotelo Juan"]
[Black "Ridameya Tatche, Jose Miguel"]
[Result "1/2-1/2"]
[WhiteElo "2052"]
[BlackElo "1998"]
[PlyCount "85"]
[EventDate "2009.12.12"]
[EventType "swiss"]
[EventRounds "7"]
[EventCountry "ESP"]
[SourceTitle "CBM 133 Extra"]
[Source "ChessBase"]
[SourceDate "2010.01.05"]
[SourceVersion "1"]
[SourceVersionDate "2010.01.05"]
[SourceQuality "1"]

1. b4 e5 2. a3 a5 3. b5 Bc5 4. e3 Nf6 5. c4 Qe7 6. Bb2 d6 7. Nf3 e4 8. Nd4 Bxd4 9. Bxd4 Nbd7 10. Be2 Ne5 11. 0-0 Bf5 12. Nc3 0-0 13. Nd5 Nxd5 14. cxd5 Rfc8 15. Rc1 Nd7 16. f4 f6 17. Bg4 Bxg4 18. Qxg4 Nc5 19. Bxc5 dxc5 20. Qe6+ Qxe6 21. dxe6 b6 22. f5 Rd8 23. Rf2 Rd3 24. a4 Rad8 25. Rc4 Rxd2 26. Rxe4 Rd1+ 27. Rf1 R1d5 28. g4 h6 29. Kg2 Re8 30. h4 Kf8 31. Kg3 Ke7 32. Kf4 Rh8 33. Rc1 Rd3 34. Rec4 Rhd8 35. Rg1 Rh8 36. Rg3 Rb3 37. e4 Rb4 38. Rgc3 Rd8 39. Kf3 Rd1 40. Ke2 Rd6 41. Kf3 Rd1 42. Ke2 Rd6 43. Kf3 1/2-1/2

[Event "ESP-ch Veterans"]
[Site "Sabadell"]
[Date "2009.12.13"]
[Round "2"]
[White "Bautista Sanchez, Joan"]
[Black "Ridameya Tatche, Jose Miguel"]
[Result "1-0"]
[WhiteElo "2229"]
[BlackElo "1998"]
[PlyCount "74"]
[EventDate "2009.12.12"]
[EventType "swiss"]
[EventRounds "7"]
[EventCountry "ESP"]
[SourceTitle "CBM 133 Extra"]
[Source "ChessBase"]
[SourceDate "2010.01.05"]
[SourceVersion "1"]
[SourceVersionDate "2010.01.05"]
[SourceQuality "1"]

1. Nf3 d5 2. c4 dxc4 3. Na3 Nc6 4. Nxc4 g6 5. d4 Nf6 6. e3 Bg7 7. Be2 0-0 8. 0-0 Ne4 9. Bd2 e5 10. Bc3 Nxc3 11. bxc3 Qe7 12. Qb3 e4 13. Nfd2 Nd8 14. f3 exf3 15. Bxf3 c6 16. Rae1 Be6 17. a4 Qc7 18. Qa3 Rb8 19. Nb2 b5 20. Nd3 Qa5 21. Ra1 Bc4 22. Nxc4 bxc4 23. Nc5 Re8 24. Qc1 Bh6 25. Re1 Bf8 26. Nd7 Ne6 27. Nf6+ Kh8 28. Nxe8 Rxe8 29. Bxc6 Rb8 30. Rb1 Rd8 31. e4 Qc7 32. Bd5 Nf4 33. Rb7 Qd6 34. Rxf7 Nd3 35. Qe3 Nxe1 36. Qxe1 Re8 37. Qf1 Bg7 1-0

[Event "Barcelona Sants op 11th"]
[Site "Barcelona"]
[Date "2009.07.18"]
[Round "6"]
[White "Cruells Cullet, Jordi"]
[Black "Ridameya Tatche, Jose Miguel"]
[Result "1-0"]
[WhiteElo "2023"]
[BlackElo "2123"]
[PlyCount "91"]
[EventDate "2009.07.13"]
[EventType "swiss"]
[EventRounds "9"]
[EventCountry "ESP"]
[SourceTitle "CBM 131 Extra"]
[Source "ChessBase"]
[SourceDate "2009.09.03"]
[SourceVersion "2"]
[SourceVersionDate "2009.09.16"]
[SourceQuality "1"]

1. e4 e5 2. Nf3 Nc6 3. Bb5 a6 4. Bxc6 dxc6 5. 0-0 Bg4 6. h3 h5 7. d3 Qf6 8. Nbd2 Bc5 9. Nc4 Bxf3 10. Qxf3 Qxf3 11. gxf3 f6 12. f4 b5 13. Na5 Kd7 14. fxe5 fxe5 15. Kg2 Bb6 16. Nb3 Nf6 17. f4 exf4 18. Bxf4 Raf8 19. Be5 Ke6 20. Bc3 Rh6 21. Rf5 Nd7 22. Raf1 Rxf5 23. Rxf5 g6 24. Rf3 h4 25. Nd4+ Bxd4 26. Bxd4 c5 27. Be3 Rh5 28. Rf4 c4 29. d4 c5 30. d5+ Ke5 31. Kf3 Rh7 32. Bf2 Kd6 33. Rxh4 Ne5+ 34. Ke3 Rf7 35. Rf4 Rh7 36. h4 Kc7 37. Ke2 Nd7 38. Bg3 b4 39. e5 Nb6 40. d6+ Kd7 41. Rf6 Nd5 42. e6+ Kc6 43. Rxg6 Rxh4 44. Bxh4 Nf4+ 45. Ke3 Nxg6 46. d7 1-0